Možnosti riešenia konfliktov

Konštruktívne možnosti riešenia konfliktov. Neriešené konflikty. Pri riešení problémov možno použiť rôzne spôsoby - vyjednávanie, mediácia, facilitácia. Správanie sa v konfliktných situáciách.

Gespeichert in:
Bibliographische Detailangaben
1. Verfasser: Kopčíková, Mária
Format: Buchkapitel
Sprache:Slowakisch
Schlagworte:
Tags: Tag hinzufügen
Keine Tags, Fügen Sie das erste Tag hinzu!

MARC

LEADER 00000naa$a2200000$$$4500
001 0114102
005 20231120112724.7
041 0 |a slo 
044 |a SK 
245 1 0 |a Možnosti riešenia konfliktov  |c Mária Kopčíková 
520 |a Konštruktívne možnosti riešenia konfliktov. Neriešené konflikty. Pri riešení problémov možno použiť rôzne spôsoby - vyjednávanie, mediácia, facilitácia. Správanie sa v konfliktných situáciách. 
610 2 0 |a konflikty 
610 2 0 |a spory pracovné 
610 2 0 |a vyjednávanie 
610 2 0 |a mediácia 
100 1 |a Kopčíková, Mária